[Event "DVM U20 2022"]
[Site "Münster GER"]
[Date "2022.12.29"]
[Round "5"]
[White "Gluma, Christian"]
[Black "Dornieden, Jonas"]
[Result "1-0"]
[Termination "normal"]
[Board "3.4"]
[WhiteElo "2069"]
[BlackElo "2073"]
[WhiteClock "01:20:57"]
[BlackClock "01:10:44"]
[WhiteTeam "Schachgesellschaft Bochum 1931"]
[BlackTeam "SK Lehrte von 1919 e. V."]
[PlyCount "49"]
[WhiteFideId "16223209"]
[BlackFideId "1336460"]
[EventCountry "GER"]
[EventRounds "7"]
[EventType "team-swiss"]
[EventDate "2022.12.26"]

1. e4 {[%emt 0:00:03]} c5 {[%emt 0:00:06]} 2. Nc3 {[%emt 0:00:07]} Nc6 {[%emt
0:00:10]} 3. Nge2 {[%emt 0:00:11]} Nf6 {[%emt 0:03:52]} 4. g3 {[%emt 0:02:56]}
g6 {[%emt 0:03:30]} 5. Bg2 {[%emt 0:01:03]} Bg7 {[%emt 0:02:04]} 6. O-O {[%emt
0:01:20]} O-O {[%emt 0:01:17]} 7. d3 {[%emt 0:02:14]} d6 {[%emt 0:06:18]} 8. h3
{[%emt 0:03:35]} Bd7 {[%emt 0:06:29]} 9. f4 {[%emt 0:02:33]} h5 10. Be3 Rb8 11.
a4 a6 12. Qd2 b5 13. axb5 axb5 14. f5 e5 15. Bg5 Ne7 16. g4 hxg4 17. hxg4 Bh8
18. Bxf6 Bxf6 19. g5 Nxf5 20. gxf6 Qxf6 21. exf5 gxf5 22. Nd5 Qh4 23. Qe1 Qxe1
24. Raxe1 f4 25. Nf6 1-0

[Event "DVM U20 2022"]
[Site "Münster GER"]
[Date "2022.12.29"]
[Round "5"]
[White "Wichmann, Luc"]
[Black "Kieselbach, Jannik"]
[Result "0-1"]
[Termination "normal"]
[Board "3.6"]
[WhiteElo "1292"]
[BlackElo "1854"]
[WhiteClock "01:14:08"]
[BlackClock "01:23:05"]
[WhiteTeam "Schachgesellschaft Bochum 1931"]
[BlackTeam "SK Lehrte von 1919 e. V."]
[PlyCount "46"]
[WhiteFideId "16274539"]
[BlackFideId "16246403"]
[EventCountry "GER"]
[EventRounds "7"]
[EventType "team-swiss"]
[EventDate "2022.12.26"]

1. d4 {[%emt 0:00:45]} Nf6 {[%emt 0:00:12]} 2. Bf4 {[%emt 0:01:05]} d5 {[%emt
0:00:10]} 3. c3 {[%emt 0:01:04]} c5 {[%emt 0:00:55]} 4. e3 {[%emt 0:01:27]} Nc6
{[%emt 0:00:23]} 5. Nf3 {[%emt 0:00:29]} Qb6 {[%emt 0:00:35]} 6. Qb3 {[%emt
0:02:26]} c4 {[%emt 0:00:14]} 7. Qxb6 {[%emt 0:05:44]} axb6 {[%emt 0:00:08]} 8.
Be2 {[%emt 0:00:02]} Bf5 {[%emt 0:02:11]} 9. Nbd2 {[%emt 0:00:10]} b5 {[%emt
0:01:25]} 10. O-O {[%emt 0:00:25]} b4 {[%emt 0:01:09]} 11. Nh4 {[%emt 0:01:04]}
Bc2 {[%emt 0:02:28]} 12. Rfc1 {[%emt 0:00:45]} bxc3 {[%emt 0:02:16]} 13. bxc3
{[%emt 0:00:12]} Ba4 {[%emt 0:02:00]} 14. Rab1 {[%emt 0:07:33]} b5 15. Bd1 Bxd1
16. Rxd1 b4 17. Rbc1 bxc3 18. Rxc3 Rxa2 19. e4 Nxd4 20. exd5 Ne2 21. Kf1 Nxc3
22. Rc1 Ncxd5 23. Rxc4 Nxf4 0-1

[Event "DVM U20 2022"]
[Site "Münster GER"]
[Date "2022.12.29"]
[Round "5"]
[White "Lohr, Maximilian"]
[Black "Mätzkow, Maximilian Paul"]
[Result "1/2-1/2"]
[Termination "normal"]
[Board "4.1"]
[BlackTitle "FM"]
[WhiteElo "2133"]
[BlackElo "2281"]
[WhiteClock "01:13:12"]
[BlackClock "01:21:07"]
[WhiteTeam "FC Ergolding 1932 e.V."]
[BlackTeam "SC Kreuzberg e.V."]
[PlyCount "50"]
[WhiteFideId "12999717"]
[BlackFideId "24679933"]
[EventCountry "GER"]
[EventRounds "7"]
[EventType "team-swiss"]
[EventDate "2022.12.26"]

1. e4 {[%emt 0:01:15]} e6 {[%emt 0:00:04]} 2. d4 {[%emt 0:00:44]} d5 {[%emt
0:00:04]} 3. Nd2 {[%emt 0:00:21]} c5 {[%emt 0:00:35]} 4. Ngf3 {[%emt 0:00:56]}
Nc6 {[%emt 0:06:25]} 5. Bb5 {[%emt 0:08:17]} Nf6 {[%emt 0:04:10]} 6. e5 {[%emt
0:01:53]} Nd7 {[%emt 0:00:06]} 7. c3 {[%emt 0:01:51]} Qb6 {[%emt 0:01:31]} 8.
Qa4 {[%emt 0:05:57]} a6 9. Bxc6 Qxc6 10. Qxc6 bxc6 11. Nb3 a5 12. Be3 cxd4 13.
cxd4 a4 14. Nc5 Nxc5 15. dxc5 Ba6 16. b4 Be7 17. a3 Kd7 18. Kd2 Rhf8 19. Rae1
f6 20. h4 h5 21. Rh3 Rf7 22. Rg3 Raf8 23. Rg6 Bd8 24. Bd4 Bc7 25. Kc3 Bb5
1/2-1/2

[Event "DVM U20 2022"]
[Site "Münster GER"]
[Date "2022.12.29"]
[Round "5"]
[White "Dathe, Frederick"]
[Black "Mooser, Nicolas"]
[Result "1/2-1/2"]
[Termination "normal"]
[Board "4.2"]
[WhiteElo "2089"]
[BlackElo "2095"]
[WhiteClock "01:22:16"]
[BlackClock "01:08:42"]
[WhiteTeam "SC Kreuzberg e.V."]
[BlackTeam "FC Ergolding 1932 e.V."]
[PlyCount "56"]
[WhiteFideId "12963070"]
[BlackFideId "12979406"]
[EventCountry "GER"]
[EventRounds "7"]
[EventType "team-swiss"]
[EventDate "2022.12.26"]

1. c4 {[%emt 0:00:08]} e6 {[%emt 0:00:06]} 2. Nf3 {[%emt 0:00:32]} d5 {[%emt
0:00:05]} 3. g3 {[%emt 0:01:13]} Nf6 {[%emt 0:00:12]} 4. Bg2 {[%emt 0:00:09]}
Be7 {[%emt 0:00:08]} 5. O-O {[%emt 0:00:20]} O-O {[%emt 0:00:05]} 6. b3 {[%emt
0:00:36]} b6 {[%emt 0:01:59]} 7. Bb2 {[%emt 0:00:36]} Bb7 {[%emt 0:00:38]} 8.
d3 {[%emt 0:03:28]} c5 {[%emt 0:00:59]} 9. cxd5 {[%emt 0:00:20]} Nxd5 {[%emt
0:03:04]} 10. Nbd2 {[%emt 0:02:33]} Bf6 {[%emt 0:13:49]} 11. Qc2 {[%emt
0:03:46]} Qe7 {[%emt 0:06:16]} 12. Rac1 Nc6 13. Rfd1 Rac8 14. Nc4 Rfd8 15. e3
Rc7 16. a3 Bxb2 17. Qxb2 Rdc8 18. h4 h6 19. e4 Nf6 20. e5 Nd5 21. Nd6 Rb8 22.
d4 cxd4 23. Nxd4 Nxd4 24. Qxd4 Ba8 25. Kh2 Rd8 26. f4 f5 27. a4 Kh7 28. Bf1 g5
1/2-1/2

[Event "DVM U20 2022"]
[Site "Münster GER"]
[Date "2022.12.29"]
[Round "5"]
[White "Lichtmannecker, Daniel"]
[Black "Hommel, Niclas"]
[Result "0-1"]
[Termination "normal"]
[Board "4.3"]
[WhiteElo "2106"]
[BlackElo "2002"]
[WhiteClock "01:32:53"]
[BlackClock "01:07:25"]
[WhiteTeam "FC Ergolding 1932 e.V."]
[BlackTeam "SC Kreuzberg e.V."]
[PlyCount "126"]
[WhiteFideId "12979414"]
[BlackFideId "12974927"]
[EventCountry "GER"]
[EventRounds "7"]
[EventType "team-swiss"]
[EventDate "2022.12.26"]

1. e4 {[%emt 0:01:02]} c5 {[%emt 0:00:07]} 2. Nf3 {[%emt 0:00:05]} d6 {[%emt
0:00:04]} 3. Bb5 {[%emt 0:00:12]} Nd7 {[%emt 0:00:07]} 4. a4 {[%emt 0:00:24]}
a6 {[%emt 0:00:22]} 5. Be2 {[%emt 0:00:17]} Ngf6 {[%emt 0:00:08]} 6. Nc3 {[%emt
0:00:09]} e6 {[%emt 0:00:08]} 7. d4 {[%emt 0:00:20]} cxd4 {[%emt 0:00:12]} 8.
Qxd4 {[%emt 0:00:09]} Be7 {[%emt 0:09:34]} 9. O-O {[%emt 0:00:12]} O-O {[%emt
0:06:23]} 10. Rd1 {[%emt 0:00:09]} Qc7 {[%emt 0:10:58]} 11. Qc4 {[%emt
0:00:10]} Qxc4 12. Bxc4 Rd8 13. Bf4 Nf8 14. e5 dxe5 15. Nxe5 Ng6 16. Nxg6 hxg6
17. Be2 Bd7 18. Bf3 Bc6 19. Bxc6 bxc6 20. Be5 Nd5 21. Ne4 f6 22. Bd4 Rab8 23.
c4 Nb4 24. Rac1 Kf7 25. Kf1 Rb7 26. Ke2 Rbd7 27. Bb6 Nd3 28. Rxd3 Rxd3 29. Bxd8
Rxd8 30. Rd1 Rxd1 31. Kxd1 f5 32. Nd2 e5 33. Ke2 Ke6 34. Nb3 Bb4 35. f3 g5 36.
g4 g6 37. h3 Kd6 38. Kd3 Be1 39. Na1 Kc5 40. Nc2 Bf2 41. b4 Kd6 42. Ke2 Bg1 43.
Ne3 Ke6 44. Kd3 Bf2 45. a5 Bxe3 46. Kxe3 Kd6 47. Kd3 Kd7 48. Ke3 Kd6 49. Kf2 c5
50. b5 axb5 51. cxb5 Kc7 52. Ke2 c4 53. gxf5 gxf5 54. Kd2 e4 55. f4 gxf4 56. h4
f3 57. h5 f2 58. Ke2 c3 59. b6 Kb7 60. h6 c2 61. h7 f1=Q 62. Kxf1 c1=Q 63. Ke2
Qh6 0-1

[Event "DVM U20 2022"]
[Site "Münster GER"]
[Date "2022.12.29"]
[Round "5"]
[White "Fock, Amina"]
[Black "Astner, Sebastian"]
[Result "1/2-1/2"]
[Termination "normal"]
[Board "4.4"]
[WhiteElo "1827"]
[BlackElo "1973"]
[WhiteClock "01:15:04"]
[BlackClock "01:19:30"]
[WhiteTeam "SC Kreuzberg e.V."]
[BlackTeam "FC Ergolding 1932 e.V."]
[PlyCount "90"]
[WhiteFideId "12981982"]
[BlackFideId "12979422"]
[EventCountry "GER"]
[EventRounds "7"]
[EventType "team-swiss"]
[EventDate "2022.12.26"]

1. e4 {[%emt 0:00:02]} c6 {[%emt 0:00:06]} 2. d4 {[%emt 0:00:05]} d5 {[%emt
0:00:03]} 3. Nd2 {[%emt 0:00:07]} dxe4 {[%emt 0:00:05]} 4. Nxe4 {[%emt
0:00:06]} Nf6 {[%emt 0:00:03]} 5. Nxf6 {[%emt 0:00:15]} exf6 {[%emt 0:00:06]}
6. c3 {[%emt 0:00:12]} Bd6 {[%emt 0:00:09]} 7. Bd3 {[%emt 0:00:18]} O-O {[%emt
0:00:34]} 8. Qc2 {[%emt 0:00:26]} h6 {[%emt 0:00:45]} 9. Ne2 {[%emt 0:01:17]}
Nd7 {[%emt 0:01:53]} 10. O-O {[%emt 0:01:07]} c5 {[%emt 0:01:01]} 11. Be3
{[%emt 0:06:46]} Qc7 {[%emt 0:04:59]} 12. h3 {[%emt 0:01:07]} a6 {[%emt
0:01:49]} 13. c4 {[%emt 0:10:01]} cxd4 {[%emt 0:06:01]} 14. Nxd4 {[%emt
0:00:36]} Nc5 15. Be2 Bf4 16. Bxf4 Qxf4 17. Rad1 Ne4 18. Bf3 Ng5 19. Bd5 Re8
20. Qb3 Rb8 21. c5 Re5 22. g3 Nxh3 23. Kh2 Qg4 24. Bf3 Qg6 25. Nc6 Ng5 26. Nxe5
fxe5 27. Rd8 Kh7 28. Be2 e4 29. Qe3 Nf3 30. Bxf3 exf3 31. Qxf3 Bg4 32. Qd3 Qxd3
33. Rxd3 Be2 34. Rfd1 Bxd1 35. Rxd1 Rc8 36. Rd7 Rxc5 37. Rxb7 f6 38. Kg2 Rc6
39. b4 Rc2 40. a4 a5 41. bxa5 Rc4 42. a6 Rxa4 43. a7 Ra3 44. Kf1 h5 45. Ke2 Kh6
1/2-1/2

[Event "DVM U20 2022"]
[Site "Münster GER"]
[Date "2022.12.29"]
[Round "5"]
[White "Ponomarev, Maximilian"]
[Black "Held, Momme Fredrik"]
[Result "1/2-1/2"]
[Termination "normal"]
[Board "4.5"]
[WhiteElo "1917"]
[BlackElo "1751"]
[WhiteClock "01:15:24"]
[BlackClock "01:27:55"]
[WhiteTeam "FC Ergolding 1932 e.V."]
[BlackTeam "SC Kreuzberg e.V."]
[PlyCount "38"]
[WhiteFideId "16216768"]
[BlackFideId "16237692"]
[EventCountry "GER"]
[EventRounds "7"]
[EventType "team-swiss"]
[EventDate "2022.12.26"]

1. e4 {[%emt 0:00:09]} c5 {[%emt 0:00:09]} 2. Nf3 {[%emt 0:00:04]} g6 {[%emt
0:00:07]} 3. d4 {[%emt 0:00:04]} cxd4 {[%emt 0:00:05]} 4. Nxd4 {[%emt 0:00:03]}
Nc6 {[%emt 0:00:08]} 5. c4 {[%emt 0:00:11]} Nf6 {[%emt 0:00:08]} 6. Nc3 {[%emt
0:00:08]} Nxd4 {[%emt 0:00:19]} 7. Qxd4 {[%emt 0:00:06]} d6 {[%emt 0:00:05]} 8.
f3 {[%emt 0:03:58]} Bg7 {[%emt 0:00:56]} 9. Be3 {[%emt 0:00:14]} O-O {[%emt
0:00:10]} 10. Qd2 {[%emt 0:00:03]} a5 {[%emt 0:00:16]} 11. Be2 {[%emt 0:05:55]}
a4 {[%emt 0:00:09]} 12. O-O {[%emt 0:00:22]} Qa5 {[%emt 0:01:41]} 13. Rac1
{[%emt 0:10:17]} Be6 {[%emt 0:04:52]} 14. Nb5 Rfc8 15. Qxa5 Rxa5 16. Na7 Ra8
17. Nb5 Rc8 18. Na7 Ra8 19. Nb5 Rc8 1/2-1/2

[Event "DVM U20 2022"]
[Site "Münster GER"]
[Date "2022.12.29"]
[Round "5"]
[White "Kilic, Hasan"]
[Black "Helmbrecht, Paul"]
[Result "1/2-1/2"]
[Termination "normal"]
[Board "4.6"]
[WhiteElo "1486"]
[BlackElo "1681"]
[WhiteClock "01:25:20"]
[BlackClock "01:07:15"]
[WhiteTeam "SC Kreuzberg e.V."]
[BlackTeam "FC Ergolding 1932 e.V."]
[PlyCount "110"]
[WhiteFideId "34613404"]
[BlackFideId "16270932"]
[EventCountry "GER"]
[EventRounds "7"]
[EventType "team-swiss"]
[EventDate "2022.12.26"]

1. e4 {[%emt 0:00:09]} c6 {[%emt 0:00:07]} 2. d4 {[%emt 0:00:04]} d5 {[%emt
0:00:03]} 3. e5 {[%emt 0:00:04]} Bf5 {[%emt 0:00:04]} 4. h4 {[%emt 0:00:03]} h5
{[%emt 0:00:03]} 5. Bg5 {[%emt 0:00:04]} Qb6 {[%emt 0:00:55]} 6. Bd3 {[%emt
0:00:12]} Bxd3 {[%emt 0:00:05]} 7. Qxd3 {[%emt 0:00:02]} e6 {[%emt 0:00:06]} 8.
Nf3 {[%emt 0:00:36]} Qa6 {[%emt 0:13:58]} 9. Qb3 {[%emt 0:03:26]} c5 {[%emt
0:04:41]} 10. Nbd2 {[%emt 0:01:56]} Nc6 {[%emt 0:02:50]} 11. c4 {[%emt
0:02:21]} dxc4 {[%emt 0:03:14]} 12. Nxc4 {[%emt 0:01:06]} b5 {[%emt 0:01:23]}
13. Ncd2 {[%emt 0:01:35]} c4 {[%emt 0:02:17]} 14. Qe3 Nge7 15. a3 Nd5 16. Qe2
Ncb4 17. O-O Nd3 18. Ne4 Be7 19. Bxe7 Kxe7 20. Nd6 Qc6 21. g3 f6 22. Qe4 f5 23.
Qe2 a5 24. Qd2 Nf6 25. Qg5 Rag8 26. Qg6 Ne8 27. Nxf5 Kd8 28. Ng5 Rf8 29. Nxe6
Kd7 30. Nxf8 Rxf8 31. Qxc6 Kxc6 32. Ne7 Kb6 33. Rab1 Rf7 34. Nd5 Kc6 35. Ne3 a4
36. d5 Kc5 37. d6 Nxe5 38. Rfc1 Nd3 39. Rc2 Nxd6 40. Rd1 Kd4 41. Ng2 Ne4 42.
Nf4 Rf5 43. Kg2 g5 44. hxg5 Nxg5 45. Nxd3 cxd3 46. Rc8 Ne4 47. Rd8 Kc4 48.
R8xd3 Rxf2 49. Kh3 Re2 50. Rd4 Kb3 51. Rb4 Ka2 52. Rd5 Nf2 53. Kh4 Ne4 54. Kh3
Nf2 55. Kh4 Ne4 1/2-1/2

[Event "DVM U20 2022"]
[Site "Münster GER"]
[Date "2022.12.29"]
[Round "5"]
[White "Weidemann, Jakob"]
[Black "Garbuz, Vitaliy"]
[Result "1/2-1/2"]
[Termination "normal"]
[Board "5.1"]
[WhiteElo "2169"]
[BlackElo "2147"]
[WhiteClock "01:07:47"]
[BlackClock "01:22:43"]
[WhiteTeam "Schachklub Münster 32 e. V."]
[BlackTeam "Schachfreunde Brackel 1930 e. V."]
[PlyCount "91"]
[WhiteFideId "16255470"]
[BlackFideId "12990710"]
[EventCountry "GER"]
[EventRounds "7"]
[EventType "team-swiss"]
[EventDate "2022.12.26"]

1. e4 {[%emt 0:00:02]} Nc6 {[%emt 0:00:06]} 2. Nc3 {[%emt 0:02:56]} e5 {[%emt
0:02:00]} 3. Bc4 {[%emt 0:02:24]} Nf6 {[%emt 0:00:24]} 4. d3 {[%emt 0:03:07]}
Na5 {[%emt 0:00:34]} 5. f4 {[%emt 0:07:09]} Nxc4 {[%emt 0:00:36]} 6. dxc4
{[%emt 0:00:14]} Bb4 {[%emt 0:03:46]} 7. Qd3 {[%emt 0:10:22]} Qe7 {[%emt
0:03:50]} 8. Nge2 exf4 9. Bxf4 Qxe4 10. Bxc7 Qxd3 11. cxd3 d6 12. a3 Bxc3 13.
Nxc3 Kd7 14. Ba5 b6 15. Bb4 a5 16. Na4 axb4 17. Nxb6 Kc6 18. Nxa8 b3 19. Kd2
Bf5 20. Rhf1 Bg6 21. Rae1 Rxa8 22. Kc3 Rb8 23. Re7 d5 24. Rfe1 d4 25. Kxd4 Rd8
26. Kc3 Rxd3 27. Kb4 Bh5 28. h3 Rg3 29. Ra7 Rxg2 30. Ree7 Kd6 31. c5 Kd5 32.
Ra6 Kd4 33. Rd6 Nd5 34. Kxb3 Kxc5 35. Red7 Bd1 36. Ka2 Nc3 37. Ka1 Ba4 38. bxc3
Bxd7 39. Rxd7 Rf2 40. Kb1 Kc4 41. Rc7 Kb3 42. Kc1 Rf3 43. Kd2 Rxh3 44. Rxf7 g5
45. Rb7 Kxa3 46. c4 1/2-1/2

[Event "DVM U20 2022"]
[Site "Münster GER"]
[Date "2022.12.29"]
[Round "5"]
[White "Kracht, Raphael"]
[Black "Kamp, Adrian"]
[Result "1-0"]
[Termination "normal"]
[Board "5.2"]
[WhiteElo "2124"]
[BlackElo "1979"]
[WhiteClock "01:15:46"]
[BlackClock "01:14:14"]
[WhiteTeam "Schachfreunde Brackel 1930 e. V."]
[BlackTeam "Schachklub Münster 32 e. V."]
[PlyCount "69"]
[WhiteFideId "16214382"]
[BlackFideId "16222466"]
[EventCountry "GER"]
[EventRounds "7"]
[EventType "team-swiss"]
[EventDate "2022.12.26"]

1. b4 {[%emt 0:03:47]} e5 {[%emt 0:02:16]} 2. a3 {[%emt 0:05:55]} d5 {[%emt
0:01:22]} 3. Bb2 {[%emt 0:00:04]} Bd6 {[%emt 0:01:57]} 4. e3 {[%emt 0:03:43]}
Nf6 {[%emt 0:00:43]} 5. c4 {[%emt 0:00:12]} c6 {[%emt 0:01:44]} 6. Nf3 {[%emt
0:00:48]} Qe7 {[%emt 0:03:43]} 7. Nc3 {[%emt 0:00:27]} O-O {[%emt 0:00:38]} 8.
cxd5 {[%emt 0:03:29]} cxd5 {[%emt 0:04:53]} 9. Nb5 {[%emt 0:00:49]} Nbd7 {[%emt
0:03:27]} 10. Nxd6 Qxd6 11. Rc1 Re8 12. Qc2 Nf8 13. Qc7 Qxc7 14. Rxc7 Ne6 15.
Rc1 e4 16. Nd4 Bd7 17. Be2 Rac8 18. O-O a6 19. Nf5 b5 20. Rxc8 Bxc8 21. Rc1 Bd7
22. Nd6 Ra8 23. f4 Ne8 24. Nxe8 Rxe8 25. f5 Nd8 26. g4 f6 27. Rc7 Bc6 28. Bd4
Ba8 29. Ra7 Nc6 30. Rxa6 Nxd4 31. exd4 Rb8 32. Bxb5 Rxb5 33. Rxa8 Kf7 34. Ra7
Kf8 35. Ra5 1-0

[Event "DVM U20 2022"]
[Site "Münster GER"]
[Date "2022.12.29"]
[Round "5"]
[White "Schröder, Lennart"]
[Black "Bartelt, Max Peter"]
[Result "1/2-1/2"]
[Termination "normal"]
[Board "5.3"]
[WhiteElo "2011"]
[BlackElo "2026"]
[WhiteClock "01:16:23"]
[BlackClock "01:23:34"]
[WhiteTeam "Schachklub Münster 32 e. V."]
[BlackTeam "Schachfreunde Brackel 1930 e. V."]
[PlyCount "41"]
[WhiteFideId "16222490"]
[BlackFideId "12967289"]
[EventCountry "GER"]
[EventRounds "7"]
[EventType "team-swiss"]
[EventDate "2022.12.26"]

1. d4 {[%emt 0:00:04]} Nf6 {[%emt 0:00:17]} 2. c4 {[%emt 0:00:05]} g6 {[%emt
0:00:03]} 3. g3 {[%emt 0:00:34]} Bg7 {[%emt 0:00:05]} 4. Bg2 {[%emt 0:00:08]}
O-O {[%emt 0:00:05]} 5. Nf3 {[%emt 0:00:24]} d6 {[%emt 0:00:05]} 6. O-O {[%emt
0:00:50]} c6 {[%emt 0:00:40]} 7. b3 {[%emt 0:01:11]} Bg4 {[%emt 0:01:27]} 8.
Bb2 {[%emt 0:01:02]} Nfd7 {[%emt 0:02:44]} 9. Nbd2 {[%emt 0:05:21]} e5 {[%emt
0:00:10]} 10. dxe5 {[%emt 0:00:42]} Nxe5 {[%emt 0:00:24]} 11. Nxe5 {[%emt
0:02:38]} dxe5 {[%emt 0:02:04]} 12. h3 {[%emt 0:00:52]} Be6 {[%emt 0:00:25]}
13. Ne4 {[%emt 0:03:13]} Na6 {[%emt 0:03:14]} 14. Ba3 {[%emt 0:03:05]} Qxd1
{[%emt 0:01:55]} 15. Raxd1 {[%emt 0:01:24]} Rfd8 {[%emt 0:00:52]} 16. Be7 Rxd1
17. Rxd1 Bf8 18. Bf6 Bg7 19. Be7 Bf8 20. Bf6 Bg7 21. Be7 1/2-1/2

[Event "DVM U20 2022"]
[Site "Münster GER"]
[Date "2022.12.29"]
[Round "5"]
[White "Skabs, Denis"]
[Black "Kamp, Aaron"]
[Result "1/2-1/2"]
[Termination "normal"]
[Board "5.4"]
[WhiteElo "2021"]
[BlackElo "1850"]
[WhiteClock "01:31:31"]
[BlackClock "01:22:16"]
[WhiteTeam "Schachfreunde Brackel 1930 e. V."]
[BlackTeam "Schachklub Münster 32 e. V."]
[PlyCount "113"]
[WhiteFideId "16248449"]
[BlackFideId "16231120"]
[EventCountry "GER"]
[EventRounds "7"]
[EventType "team-swiss"]
[EventDate "2022.12.26"]

1. e4 {[%emt 0:00:01]} c5 {[%emt 0:00:05]} 2. Nf3 {[%emt 0:00:03]} d6 {[%emt
0:00:06]} 3. b4 {[%emt 0:00:05]} cxb4 {[%emt 0:00:37]} 4. d4 {[%emt 0:00:05]}
Nf6 {[%emt 0:01:52]} 5. Bd3 {[%emt 0:00:06]} Bg4 {[%emt 0:01:47]} 6. a3 {[%emt
0:01:13]} Nc6 {[%emt 0:03:31]} 7. d5 {[%emt 0:00:59]} Ne5 {[%emt 0:03:41]} 8.
Nxe5 dxe5 9. Qxg4 Nxg4 10. Bb5 Qd7 11. Bxd7 Kxd7 12. f3 Nf6 13. axb4 e6 14.
dxe6 Kxe6 15. c3 Be7 16. Be3 Rhc8 17. Ke2 a6 18. Rd1 Ne8 19. Ra5 Nd6 20. Rad5
Nb5 21. R1d3 Rc4 22. Rd7 Nd4 23. Bxd4 Kxd7 24. Bxe5 Ke6 25. Nd2 Rc6 26. f4 f6
27. Bd4 Bd6 28. Ke3 Bc7 29. Nb3 b6 30. h4 a5 31. bxa5 bxa5 32. Bc5 Kf7 33. Ba3
Bb6 34. Kf3 Rd8 35. Nd4 Rc4 36. Bb2 a4 37. e5 fxe5 38. fxe5 Bxd4 39. cxd4 Rb8
40. d5 Rb3 41. e6 Ke7 42. Ba3 Kd8 43. Rxb3 axb3 44. Ke3 Rc2 45. Kd3 Rxg2 46.
Kc3 Rg3 47. Kc4 Rg4 48. Kxb3 Rxh4 49. Bc5 Re4 50. Kc3 h5 51. Kd3 Re1 52. Bb4
Re5 53. Kd4 Re2 54. Kd3 Re5 55. Kd4 Re2 56. Kd3 Re5 57. Kd4 1/2-1/2

[Event "DVM U20 2022"]
[Site "Münster GER"]
[Date "2022.12.29"]
[Round "5"]
[White "Meyer, Emil"]
[Black "Seref, Erdogan"]
[Result "1/2-1/2"]
[Termination "normal"]
[Board "5.5"]
[WhiteElo "1668"]
[BlackElo "1987"]
[WhiteClock "01:23:50"]
[BlackClock "01:11:20"]
[WhiteTeam "Schachklub Münster 32 e. V."]
[BlackTeam "Schachfreunde Brackel 1930 e. V."]
[PlyCount "93"]
[WhiteFideId "34625771"]
[BlackFideId "16206827"]
[EventCountry "GER"]
[EventRounds "7"]
[EventType "team-swiss"]
[EventDate "2022.12.26"]

1. e4 {[%emt 0:00:07]} e5 {[%emt 0:00:18]} 2. Nf3 {[%emt 0:00:07]} Nf6 {[%emt
0:00:19]} 3. Nxe5 {[%emt 0:00:06]} d6 {[%emt 0:00:21]} 4. Nf3 {[%emt 0:00:06]}
Nxe4 {[%emt 0:00:27]} 5. Nc3 {[%emt 0:00:04]} Nxc3 {[%emt 0:00:25]} 6. dxc3
{[%emt 0:00:06]} Be7 {[%emt 0:00:29]} 7. Bf4 {[%emt 0:00:07]} Nc6 {[%emt
0:00:27]} 8. Qd2 {[%emt 0:00:10]} Be6 {[%emt 0:04:18]} 9. O-O-O {[%emt
0:00:31]} Qd7 {[%emt 0:02:53]} 10. h4 {[%emt 0:00:21]} Bf6 {[%emt 0:02:47]} 11.
Kb1 {[%emt 0:05:43]} O-O-O {[%emt 0:02:47]} 12. Bg5 {[%emt 0:05:14]} Qe7 {[%emt
0:09:38]} 13. Qf4 h6 14. Bxf6 Qxf6 15. Qxf6 gxf6 16. Re1 Rhg8 17. Nd4 Nxd4 18.
cxd4 Rg4 19. c3 Rdg8 20. g3 R4g7 21. Bg2 c6 22. Kc2 Kd7 23. Re2 Bc4 24. Re3 Re8
25. Rxe8 Kxe8 26. Re1 Kd7 27. d5 Bxd5 28. Bxd5 cxd5 29. Re3 Rg4 30. Kd3 Ra4 31.
a3 f5 32. Rf3 Ke6 33. Rf4 Re4 34. f3 Rxf4 35. gxf4 Kf6 36. h5 Ke7 37. Kd4 Ke6
38. a4 b6 39. Kd3 Kd7 40. Ke3 Ke7 41. Kd4 Ke6 42. b3 a6 43. b4 b5 44. a5 f6 45.
Ke3 Kd7 46. Kd3 Ke7 47. Ke3 1/2-1/2

[Event "DVM U20 2022"]
[Site "Münster GER"]
[Date "2022.12.29"]
[Round "5"]
[White "Garbuz, Nicole"]
[Black "John, Niklas"]
[Result "1-0"]
[Termination "normal"]
[Board "5.6"]
[WhiteElo "1796"]
[BlackElo "1680"]
[WhiteClock "01:19:28"]
[BlackClock "01:15:51"]
[WhiteTeam "Schachfreunde Brackel 1930 e. V."]
[BlackTeam "Schachklub Münster 32 e. V."]
[PlyCount "97"]
[WhiteFideId "12990701"]
[BlackFideId "16234626"]
[EventCountry "GER"]
[EventRounds "7"]
[EventType "team-swiss"]
[EventDate "2022.12.26"]

1. e4 c5 {[%emt 0:00:08]} 2. d4 {[%emt 0:00:11]} cxd4 {[%emt 0:00:18]} 3. c3
{[%emt 0:00:03]} d5 {[%emt 0:00:31]} 4. exd5 {[%emt 0:00:05]} Qxd5 {[%emt
0:01:09]} 5. cxd4 {[%emt 0:00:39]} Nf6 {[%emt 0:00:54]} 6. Nf3 {[%emt 0:01:54]}
Bf5 {[%emt 0:03:37]} 7. Nc3 {[%emt 0:02:34]} Qd8 {[%emt 0:01:26]} 8. Bc4 {[%emt
0:08:29]} e6 {[%emt 0:10:29]} 9. O-O {[%emt 0:01:39]} Be7 10. Bf4 Nd5 11. Bxd5
exd5 12. Qb3 b6 13. Nb5 O-O 14. Nc7 Nc6 15. Nxa8 Qxa8 16. Qxd5 Be6 17. Qb5 Rd8
18. Be3 Bd5 19. Qe2 Bf6 20. Rfd1 Ne7 21. Ne5 Nf5 22. Qg4 Nh4 23. f3 Be6 24. Qg3
Nf5 25. Qf2 h5 26. b3 h4 27. Ng4 Be7 28. h3 Ba3 29. Ne5 Qd5 30. Rab1 Rc8 31.
Nc4 Be7 32. Rbc1 b5 33. Ne5 Rd8 34. Nc6 Rd7 35. Nxe7 Rxe7 36. Rc5 Qd7 37. Bg5
f6 38. Bf4 Qd8 39. d5 Rd7 40. Qd2 Qb6 41. Qf2 Qb7 42. d6 g5 43. Qe2 Kf7 44. Bh2
a6 45. Qe4 Qa7 46. b4 a5 47. a3 axb4 48. axb4 Qb8 49. Rxf5 1-0